Najlepsi strzelcy EURO 2016 - Statystyki

Ogólne statystyki
  • Ten quiz został rozwiązany 413 razy
  • Średni wynik to 6 z 7
Statystyki odpowiedzi
gole kraj piłkarz % Poprawnych
3 Portugalia Cristiano Ronaldo
100%
3 Walia Gareth Bale
98%
6 Francja Antoine Griezmann
88%
3 Francja Olivier Giroud
79%
3 Hiszpania Alvaro Morata
70%
3 Portugalia Nani
64%
3 Francja Dimitri Payet
57%
Nie znaleziono quizów pasujących do podanych kryteriów
Rozkład punktacji
Procent ludzi z każdym wynikiem
Percentyl według liczby udzielonych odpowiedzi
Twoja historia wyników
Nie rozwiązałeś tego quizu